000 00797nam a22001815i 4500
001 54218
003 ES-MaACL
005 20230906162922.0
007 t|
008 980331s1864 fr ||||1| fre d
040 _aCAM
_bspa
_cCAM
100 1 _aFischel, Edouard.
_950974
245 1 3 _aLa Constitution d'Angleterre
_b: exposé historique et critique des origines, du développement successif et de l'état actuel de la loi et des institutions anglaises /
_cpar Edouard Fischel ; traduit sur la seconde édition allemande, comparée avec l'édition anglaise de R. Jenery Shee par Ch. Vogel.
260 _aParis :
_bC. Reinwald, Libraire-Editeur,
_c1864 (
_fA. Lainé et J. Havard)
300 _a2 t. en 1 v.(438 ; 508 p.) ;
_c23 cm.
700 1 _aVogel, Ch.
_9115646
852 _aES-MaACL
_jF-7054
999 _c54218
_d54218